00341nam a2200133Ia 4500008004100000082001700041100001500058245004900073250000800122260002900130300000800159500002400167650001600191230524s9999 xx 000 0 und d a621.384bEDD aByron Edde 0a"Radar Principles, Technology, Applications" a4TH aNEW DELHIbPearsonc2004 a717 aQuantity Number: 3 aElectronics